| 000 | 00415nam a22001697a 4500 | ||
|---|---|---|---|
| 005 | 20230117101026.0 | ||
| 008 | 220210b ||||| |||| 00| 0 eng d | ||
| 020 | _a978-93-86353-51-1 | ||
| 041 | _aeng | ||
| 082 |
_a615.1 _bTEM-P |
||
| 100 |
_aTEMBHURNE, DR.SACHIN V _95014 |
||
| 245 | _aPHARMACOLOGY-V | ||
| 260 |
_aPUNE _bNIRALI PRAKASHAN |
||
| 300 | _aP.4;p | ||
| 650 |
_aPHARMACY _xB.PHARMA _97083 |
||
| 942 | _cBK | ||
| 999 |
_c7917 _d7915 |
||